000 01154nam a2200289 i 4500
001 179617
003 ES-MaACL
005 20240229062733.0
008 111226s2010 sp ab |||| | spa d
020 _a978-84-9940-077-8
080 _a94(460.15)"18"
080 _a94(460)"1808/14"
245 0 0 _aVascos en 1808-1813
_b: años de guerra y Constitución /
_cJosé Pardo de Santayana y Gómez de Olea... [et al.] ; introducción de Estíbaliz Ruiz de Azúa ; bibliografía de Mª Victoria de la Quadra-Salcedo.
260 _aMadrid :
_bBiblioteca Nueva,
_c[2010]
300 _a266 p. :
_bil., mapa ;
_c21 cm.
490 1 _aHistoria Biblioteca Nueva
504 _aBibliografía: p. [241]-266.
651 7 _aPaís Vasco-
_xHistoria-
_yS.XIX.
_9142384
651 4 _aEspaña-
_xHistoria-
_y1808-1814, Guerra de la Independencia
_98244
700 1 _aPardo de Santayana, José.
_9148842
700 1 _aRuiz de Azúa, Estíbaliz.
_9100729
700 1 _aYrizar, Iñigo de.
_9117712
830 0 _aHistoria Biblioteca Nueva
_9180322
852 1 _aBA
_jA-11763
_9186514
_bR.146529
_cDEPO1
_dOlim: N-4768
942 _2udc
_cMONOGRAFIA
999 _c179617
_d179617